| 000 | 00527nam a2200133 a 4500 | ||
|---|---|---|---|
| 001 | 000038643 | ||
| 005 | 20240304103305.0 | ||
| 008 | 130417s2002 dr 000 0 spa d | ||
| 040 |
_aDO-SdBNP _bspa _cBNPHU |
||
| 110 | 1 |
_aRepública Dominicana. _b Secretaría de Estado de Medio Ambiente y Recursos Naturales _914503 |
|
| 245 | 1 | 0 | _aAnteproyecto de ley sectorial de áreas protegidas. |
| 260 |
_aSanto Domingo : _bSecretaría de Estado de Medio Ambiente y Recursos Naturales, _c2002. |
||
| 300 |
_a82, [85] p. : _bil., mapas ; _c29 cm. |
||
| 999 |
_c38133 _d38133 |
||